<?xml version="1.0" encoding="UTF-8"?>
<marc:record xmlns:marc="http://www.loc.gov/MARC21/slim">
   <marc:leader>00000nam a2200000 a 4500</marc:leader>
   <marc:datafield ind1="1" ind2=" " tag="100">
      <marc:subfield code="a">Tey, Josephine</marc:subfield>
      <marc:subfield code="4">aut</marc:subfield>
      <marc:subfield code="e">Verfasser/-in</marc:subfield>
   </marc:datafield>
   <marc:datafield ind1=" " ind2=" " tag="653">
      <marc:subfield code="a">England</marc:subfield>
   </marc:datafield>
   <marc:datafield ind1=" " ind2=" " tag="653">
      <marc:subfield code="a">Kriminalroman</marc:subfield>
   </marc:datafield>
   <marc:datafield ind1=" " ind2=" " tag="653">
      <marc:subfield code="a">Mord</marc:subfield>
   </marc:datafield>
   <marc:datafield ind1=" " ind2=" " tag="653">
      <marc:subfield code="a">Küste</marc:subfield>
   </marc:datafield>
   <marc:datafield ind1="0" ind2="0" tag="245">
      <marc:subfield code="a">Die Klippen des Todes</marc:subfield>
   </marc:datafield>
   <marc:datafield ind1="0" ind2="0" tag="245">
      <marc:subfield code="b">Inspector Grants zweiter Fall</marc:subfield>
   </marc:datafield>
   <marc:datafield ind1=" " ind2="1" tag="264">
      <marc:subfield code="b">Anaconda Verlag</marc:subfield>
      <marc:subfield code="c">2025</marc:subfield>
   </marc:datafield>
   <marc:datafield ind1="1" ind2=" " tag="520">
      <marc:subfield code="a">Cosy Crime mit britischem Charme aus der goldenen Zeit des Kriminalromans
Die schöne Filmschauspielerin Christine Clay liegt tot am Strand. Sie ist wohl nicht freiwillig aus dem Leben geschieden, in ihrem Haar hat sich ein Knopf verheddert. Inspector Alan Grant von Scotland Yard muss zunächst einfach den dazugehörigen Mantel finden. Sein Weg dahin ist wendungsreich und führt von einem verdächtigen Hausgast zu einer Wahrsagerin und von ihr – aber lesen Sie selbst. Ein clever konstruierter Fall der wiederentdeckten schottischen Kriminalautorin Josephine Tey, ganz nach dem Geschmack des jungen Alfred Hitchcock, der diese Story verfilmt hat.</marc:subfield>
   </marc:datafield>
   <marc:datafield ind1=" " ind2=" " tag="020">
      <marc:subfield code="a">9783730615669</marc:subfield>
      <marc:subfield code="9">9783730615669</marc:subfield>
   </marc:datafield>
</marc:record>
